000 00505nam a2200181Ia 4500
008 151018s9999 xx 000 0 und d
082 _bRBASDV48381
_a891.463
100 _aविलास साळोखे
245 _aबिंग
250 _b1
260 _bअजब प्रकाशन
_c2009
300 _a177
600 _aविलास साळोखे
630 _aबिंग
700 _aविलास साळोखे
730 _aबिंग
942 _cBOOK
999 _c1047507
_d1047504